| 000 | 01370nam a2200301 c 4500 | ||
|---|---|---|---|
| 003 | BLK | ||
| 005 | 20180422105101.0 | ||
| 008 | 180409b bul|||||r ||||||| ||bul|| | ||
| 010 | _aKNG00101807000 | ||
| 020 |
_a954-402-060-8 _bиздат.: Петър Берон - (П. Берон) |
||
| 020 |
_a954-430-864-4 _bиздат.: Акад. изд. Проф. Марин Дринов - (Акад. изд. Проф. Марин Дринов) |
||
| 040 | _aBLK | ||
| 041 |
_aBUL _cBUL |
||
| 080 |
_aЗнамена и флагове - Различни видове : народни, държавни, градски, на държавни глави и др. _b929.9 _x(100)(031) _z929.9(100)(031) |
||
| 700 | 1 |
_aИванов, Иван Стефанов _eсъстав. _9374272 |
|
| 139 |
_aИванов, Иван Стефанов _bИ 21 |
||
| 245 | 1 | 0 |
_aФлаговете на страните по света _bСправочник _cсъстав. Иван Стефанов Иванов. |
| 257 | _aBGR | ||
| 260 |
_аСофия _bПетър Берон _bАкад. изд. Проф. Марин Дринов _c2002 |
||
| 300 |
_a240 с. _c24 см |
||
| 380 | _a9 | ||
| 650 | 4 |
_aЗнамена - на страните в света _9297855 |
|
| 852 | _aЦб 211779 | ||
| 856 | 4 |
_qpdf _u |
|
| 856 | 4 |
_qpdf _u |
|
| 942 |
_cKNG _n0 |
||
| 944 |
_aCR _c01.01.2002 _kКети_Илиева |
||
| 944 |
_aED _c29.01.2013 _k |
||
| 999 |
_c96902 _d96902 |
||